Do jakiego państwa należy ... #1 - Statystyki

Ogólne statystyki
  • Ten quiz został rozwiązany 30 razy
  • Średni wynik to 22 z 30
Statystyki odpowiedzi
Do jakiego panstwa należy Odpowiedź % Poprawnych
Kair Egipt
96%
Bombaj Indie
93%
Honolulu Stany Zjednoczone
93%
Palermo Włochy
93%
Salzburg Austria
89%
Sofia Bułgaria
89%
Erfurt Niemcy
89%
Madera Portugalia
89%
Sarajewo Bośnia i Hercegowina
85%
Santiago Chile
85%
Wyspa Wielkanocna Chile
85%
Makau Chiny
85%
Nancy Francja
85%
Girona Hiszpania
85%
Eindhoven Holandia
85%
Caracas Wenezuela
85%
Auckland Nowa Zelandia
81%
Somaliland Somalia
78%
Darwin Australia
74%
Nuuk Dania
70%
Turku Finlandia
70%
Nunavut Kanada
70%
Nowa Ziemia Rosja
70%
Longyearbyen Norwegia
67%
Sahara Zachodnia Maroko
63%
Dewon Wielka Brytania
44%
Harare Zimbabwe
33%
Serravalle San Marino
26%
Gagauzja Mołdawia
15%
Pohnpei Mikronezja
4%
Nie znaleziono quizów pasujących do podanych kryteriów
Rozkład punktacji
Procent ludzi z każdym wynikiem
Percentyl według liczby udzielonych odpowiedzi
Twoja historia wyników
Nie rozwiązałeś tego quizu